这座中国古典园林位于......(非黄标版) - Statistics

General Stats
  • This quiz has been taken 17 times
    13 since last reset
  • The average score is 88 of 120
Answer Stats
园林 位置 % Correct
避暑山庄 (热河行宫) 承德
100%
杜甫草堂 | 武侯祠 (先主祠) 成都
100%
汾阳别墅 (郭庄) | 灵隐寺 | 芝园 (胡雪岩旧居) | +2 others 杭州
100%
五峰园 (杨家园) | 北半园 | 天香小筑 | +14 others 苏州
100%
万寿寺 (华北地区寺庙) | 北海公园 | 圆明园 | +6 others 北京
100%
豫园 上海
100%
兰亭 | 沈园 (沈氏园) 绍兴
100%
环翠山庄 (严家花园) | 耕乐堂 | 退思园 | 锄经园 (师俭堂) 吴江 (苏州)
100%
天一阁 宁波
100%
新繁东湖 | 桂湖 (升庵祠) 新都 (成都)
100%
罨画池 崇州 (成都)
100%
兴福禅寺 | 方塔园 | 燕园 (燕谷园) | 赵园 (水壶园) & 曾园 (虚廓园) 常熟 (苏州)
100%
古漪园 | 秋霞圃 嘉定 (上海)
100%
文君井 邛崃 (成都)
100%
醉白池 松江 (上海)
100%
曲水园 青浦 (上海)
100%
寄畅园 | 薛家花园 (薛福成故居) 无锡
91%
罗布林卡 拉萨
91%
个园 | 何园 (寄啸山庄) | 小盘谷 | +2 others 扬州
91%
华清池 临潼 (西安)
91%
晋祠 晋源 (太原)
91%
适园 (陈家花园) 江阴 (无锡)
91%
余荫山房 | 宝墨园 广州
91%
瀛园 宜兴 (无锡)
91%
愚园 (胡家花园) | 瞻园 | 芥子园 南京
82%
日涉园 (乔园) 泰州
82%
静园 (溥仪旧居) 天津
82%
清晖园 | 碧江金楼 顺德 (佛山)
73%
三苏祠 眉山
73%
梁园 (岭南地区名园) 佛山
73%
万竹园 (张家花园) 济南
73%
南公园 福州
73%
意园 | 未园 | 约园 | 近园 常州
64%
莲花庄 湖州
64%
小莲庄 (刘园) 南浔 (湖州)
64%
水绘园 如皋 (南通)
55%
绮园 (冯家花园) 海盐 (嘉兴)
55%
贡觉林卡 日喀则
55%
勺园 (江南地区名园) | 揽秀园 嘉兴
55%
鹅岭公园 (礼园) 重庆
55%
莫氏庄园 (江南地区园林) 平湖 (嘉兴)
55%
鲍家花园 (皖南地区园林) 歙县 (黄山)
45%
西递西园 黟县 (黄山)
45%
檀干园 (小西湖) 黄山
45%
可园 (岭南地区名园) | 粤晖园 东莞
36%
圆通禅寺 | 庾园 & 鲁园 昆明
36%
古莲花池 保定
27%
铁山园 (衍圣公府后花园) 曲阜 (济宁)
27%
熙春园 (福建地区园林) 邵武 (南平)
27%
明秀园 武鸣 (南宁)
27%
荩园 (戴庄医院) 济宁
18%
十笏园 (丁家花园) 潍坊
9%
绛守居园池 新绛 (运城)
9%
雁山园 (雁山别墅) 桂林
9%
偶园 (冯家花园) 青州 (潍坊)
9%
清晏园 淮安
9%
五公祠 海口
9%
房湖公园 广汉 (德阳)
9%
卢廉若公园 (娱园) 澳门
9%
夕佳山庄园 江安 (宜宾)
9%
常家庄园 (静园) 榆次 (晋中)
0%
谢鲁山庄 陆川 (玉林)
0%
尤家花园 (皖北地区园林) 颍上 (阜阳)
0%
花洲书院 邓州 (南阳)
0%
习家池 (习郁故居) 襄阳
0%
朱家花园 (云南地区园林) 建水 (红河)
0%
柳湖公园 (柳湖书院) 平凉
0%
No matching quizzes found
Score Distribution
Percent of People with Each Score
Percentile by Number Answered
Your Score History
You have not taken this quiz since the last reset